000 00994nam0a22002891 4500
001 2576258
005 20250622225634.0
021 _aRU
_b3325-80
035 _a(NLR Aleph) 006459543
090 _a5821847
_c5821847
100 _a20110316d1978 |||y0rusy50 ca
101 0 _arus
102 _aRU
105 _ay ac |||||
200 1 _aВыявление, изучение, обобщение и распространение передового опыта
_eБиблиогр. указ. лит. (1973-1978 гг.)
_fСост. К.А. Лашкина
210 _aМосква
_cБ. и.
_d1978
215 _a14 с.
_d20
300 _aСост. указан на обороте тит. л.
300 _aВ надзаг.: Центр НОТ и упр. "Ритм"
686 _aУ9(2)243.8я15
_2rubbk
700 1 _aЛашкина
_bК.А.
801 0 _aRU
_bNLR
_gpsbo
801 1 _aRU
_bELAR
_2rusmarc
852 _aNLR
_jDesideratum
899 _aRuMoRGB
_jB 80-34/399
942 _cBOOK
980 _aNB